|
|
|
|
| LEADER |
00000cam a22000004a 4500 |
| 001 |
musev2_84690 |
| 003 |
MdBmJHUP |
| 005 |
20230905052716.0 |
| 006 |
m o d |
| 007 |
cr||||||||nn|n |
| 008 |
100318s1981 inu o 00 0 eng d |
| 020 |
|
|
|a 9780253051721
|
| 035 |
|
|
|a (OCoLC)1259585964
|
| 040 |
|
|
|a MdBmJHUP
|c MdBmJHUP
|
| 245 |
0 |
0 |
|a The Time of the Sign :
|b A Semiotic Interpretation of Modern Culture /
|c edited by Vivian Ling Hsu.
|
| 264 |
|
1 |
|a Bloomington :
|b Indiana University Press,
|c 1981.
|
| 264 |
|
3 |
|a Baltimore, Md. :
|b Project MUSE,
|c 2021
|
| 264 |
|
4 |
|c ©1981.
|
| 300 |
|
|
|a 1 online resource.
|
| 336 |
|
|
|a text
|b txt
|2 rdacontent
|
| 337 |
|
|
|a computer
|b c
|2 rdamedia
|
| 338 |
|
|
|a online resource
|b cr
|2 rdacarrier
|
| 490 |
0 |
|
|a Chinese literature in translation
|
| 505 |
0 |
|
|a Caterpillar / Lao She -- Two women / Wu Tsu-hsiang -- On the Oxcart / Hsiao Hung -- Garbage cleaner / Lo Hua-sheng -- West wind ; Chang Sao / Ping Hsin -- Little Liu / Ling Shu-hua -- Parting / Tʻien Tʻao -- At the precipice / Teng Yu-mei -- Spring is just around the corner / Tsʻao Ming -- Rain / Ai Wu -- Corduroy / Hsi Jung -- Old team captain welcomes a bride / Sung Shun-kʻang -- A day in Pleasantville / Pai Hsien-yung -- Nightfall / Yü Li-hau -- A rose in June / Ch'en Ying-chen -- Born of the same roots / Yang Chʻing chʻu -- May he return soon / Wang Tʻo -- My friend Ai Fen / Chen Jo-hsi.
|
| 506 |
0 |
|
|a Open Access
|f Unrestricted online access
|2 star
|
| 588 |
|
|
|a Description based on print version record.
|
| 650 |
1 |
7 |
|a Chinees.
|2 gtt
|
| 650 |
1 |
7 |
|a Vrouwen.
|2 gtt
|
| 650 |
1 |
7 |
|a Verhalen.
|2 gtt
|
| 650 |
|
7 |
|a Women
|x Social life and customs.
|2 fast
|0 (OCoLC)fst01176964
|
| 650 |
|
7 |
|a Chinese fiction.
|2 fast
|0 (OCoLC)fst00857362
|
| 650 |
|
0 |
|a Women
|z China
|x Social life and customs
|v Fiction.
|
| 650 |
|
0 |
|a Chinese fiction
|y 20th century
|v Translations into English.
|
| 651 |
|
7 |
|a China.
|2 fast
|0 (OCoLC)fst01206073
|
| 655 |
|
7 |
|a Translations.
|2 fast
|0 (OCoLC)fst01423791
|
| 655 |
|
7 |
|a Fiction.
|2 fast
|0 (OCoLC)fst01423787
|
| 655 |
|
7 |
|a Electronic books.
|2 local
|
| 700 |
1 |
|
|a Ling, Vivian,
|e editor.
|
| 710 |
2 |
|
|a Project Muse.
|e distributor
|
| 830 |
|
0 |
|a Book collections on Project MUSE.
|
| 856 |
4 |
0 |
|z Texto completo
|u https://projectmuse.uam.elogim.com/book/84690/
|